| 000 | 01224nam a22003257a 4500 | ||
|---|---|---|---|
| 003 | EG-GICUC | ||
| 005 | 20260202152554.0 | ||
| 008 | 260202s1981 ua ||||fr|||| 00| 0 ara d | ||
| 040 |
_a EG-GICUC _bara _c EG-GICUC _d EG-GICUC _erda |
||
| 041 | _aara | ||
| 082 | 0 | 4 |
_221 _a343.6 _bع ب . ع |
| 092 | 0 | 4 | _221 |
| 099 | _aLaw1 10 343.6 1 ed - 1981 | ||
| 100 | 0 |
_aعبود السراج _eمؤلف. |
|
| 245 |
_aعلم الإجرام وعلم العقاب: _bدراسة تحليلية فى أسباب الجريمة وعلاج السلوك الإجرامى/ _cعبود السراج |
||
| 250 | _aالطبعة الاولى | ||
| 264 |
_aالكويت : _bجامعة الكويت, _c1981. |
||
| 300 |
_a568 صفحة; _c24 سم _bإيضاحيات، صور، مثيليات ؛ |
||
| 336 |
_2rda content _atext |
||
| 337 |
_2rda media _aComputer |
||
| 338 |
_2rda carrier _aOnline Resource |
||
| 504 | _aيحتوي على قائمة مراجع 245-254 | ||
| 546 | _aالنص باللغة العربية | ||
| 650 | 1 |
_aقانون جنائي _2qrmak |
|
| 650 | 1 |
_aعلم الإجرام _2qrmak |
|
| 651 | 1 | _2qrmak | |
| 856 | 4 | 0 | _uhttps://fll.law.cu.edu.eg/fulltext/bks/B10-05633.pdf |
| 905 | _a44 | ||
| 942 |
_2ddc _cBK _e21 _n0 |
||
| 999 |
_c60374 _d60374 |
||